مدينة تنبكت منذ ننشأتها حتى دخول السعديين
محفوظ في:
المؤلف الرئيسي:
مؤلفون آخرون:
التنسيق: كتاب
اللغة: Undetermined
منشور في:
Egypt
1986
الوسوم: إضافة وسم
لا توجد وسوم, كن أول من يضع وسما على هذه التسجيلة!
رقم الطلب:
| LEADER | 00640nam a2200133Ia 4500 | ||
|---|---|---|---|
| 008 | 240503s9999||||xx |||||||||||||| ||und|| | ||
| 100 | 1 | |a وداد نصر محمد السيد الطوخى | |
| 245 | 1 | 0 | |a مدينة تنبكت منذ ننشأتها حتى دخول السعديين |
| 264 | 1 | |a Egypt |c 1986 | |
| 300 | |a 328 |c 29 | ||
| 500 | |a رسالة مقدمة للحصول على درجة الماجيستسر فى الدراسات الافريقية من قسم التاريخ تاريخ اسلامى | ||
| 700 | 1 | |a دكتور محمد محمد أمين، دكتور عبد الله عبد الرازق ابراهيم | |
| 942 | |2 lcc |c BK | ||
| 999 | |c 58371 |d 58371 | ||
